=LDR 00000nam 2200000 4500 =001 INLIS000000000016300 =005 20250603010213 =035 ##$$a 0010-061300000016300 =008 250603###########################0###### =041 ##$$a Ind =082 ##$$a 638 =090 ##$$a 638, Oda m =100 ##$$a Oda, Hidetomo =245 1#$$a Memelihara serangga, /$c Hidetomo Oda =250 ##$$a seri misteri alam =260 ##$$a Jakarta :$b PT. Elex Media Koputindo,$c 1997 =300 ##$$a 32 hlm : $b ilus ; $c 23 x 19 cm =650 #4$$a Serangga =700 #$$a Jati HS =850 ##$$a NBPNMAT =020 ##$$a 979-20-0214-7 =084 ##$$a 638 ODA m =990 ##$$a 129.383/pro98